000 00775nam a22002417a 4500
001 40620
003 UA-OsUOA
005 20220919151513.0
007 ta
008 20060817b un ||||| |||| 00| 0 ukr d
020 _a5770766743
040 _aUA-OsUOA
_bukr
_cUA-OsUOA
_dUA-OsUOA
041 _aukr
080 _a512(075)
090 _a512(075)
_bШ66
100 _aШкіль М. І.
245 _aАлгебра і початки аналізу. 10–11 кл.
_bпробний підручник для 10–11 класів середньої школи
_cМ. І. Шкіль, З. І. Слепкань, О. С. Дубинчук
260 _aК.
_bЗодіак-Еко
_c1995
300 _a608 с.
650 7 _a512 Алгебра
_2UDC
942 _cBK
_2udc
955 _a2
999 _c326759
_d326759